Geometry revealed (Record no. 4145)

MARC details
000 -LEADER
fixed length control field 00561 a2200169 4500
000 - LEADER
fixed length control field BKB
001 - CONTROL NUMBER
control field 070717
005 - DATE AND TIME OF LATEST TRANSACTION
control field 20200902150855.0
008 - FIXED-LENGTH DATA ELEMENTS--GENERAL INFORMATION
fixed length control field
082 ## - DEWEY DECIMAL CLASSIFICATION NUMBER
Classification number 516.36
Item number B45G
100 1# - MAIN ENTRY--PERSONAL NAME
Personal name Berger, Marcel
245 1# - TITLE STATEMENT
Title Geometry revealed
Statement of responsibility, etc by Marcel Berger
260 ## - PUBLICATION, DISTRIBUTION, ETC. (IMPRINT)
Place of publication, distribution, etc New York
Name of publisher, distributor, etc Springer
Date of publication, distribution, etc 2010
300 ## - PHYSICAL DESCRIPTION
Extent 831p.
690 ## - LOCAL SUBJECT ADDED ENTRY--TOPICAL TERM (OCLC, RLIN)
Topical term or geographic name as entry element Geometry, Differential; Geometry; Mathematics; Combinatorial analysis; Differentiable dynamical systems; Discrete groups; Global differential geometry
964 ## -
--
-- ENG
--
--
--
--
--
Holdings
Withdrawn status Lost status Damaged status Not for loan Home library Current library Date acquired Cost, normal purchase price Total Checkouts Full call number Barcode Date last seen Price effective from Koha item type
        Central University Of Rajasthan Central University Of Rajasthan 07/03/2012 3802.62   516.36 B45G 5004 21/11/2024 02/09/2020 Books